Sukli : (Record no. 21085)
[ view plain ]
| 000 -LEADER | |
|---|---|
| fixed length control field | 00589nam a2200181 a 4500 |
| 005 - DATE AND TIME OF LATEST TRANSACTION | |
| control field | 20140310183306.0 |
| 008 - FIXED-LENGTH DATA ELEMENTS--GENERAL INFORMATION | |
| fixed length control field | 051007s19uu xx 00 eng d |
| 050 ## - LIBRARY OF CONGRESS CALL NUMBER | |
| Classification number | HT 103 |
| Item number | .Su948 2005 |
| 245 ## - TITLE STATEMENT | |
| Title | Sukli : |
| Remainder of title | the 2nd accompanying book for PARADA, the 2005 Fine Arts Festival / |
| 260 ## - PUBLICATION, DISTRIBUTION, ETC. (IMPRINT) | |
| Place of publication, distribution, etc | Manila, Philippines : |
| Name of publisher, distributor, etc | Ateneo De Manila University Fine Arts Department, |
| Date of publication, distribution, etc | 2005. |
| 300 ## - PHYSICAL DESCRIPTION | |
| Extent | 174 p. : |
| Dimensions | 23 cm. |
| 521 ## - TARGET AUDIENCE NOTE | |
| Target audience note | |
| 650 ## - SUBJECT ADDED ENTRY--TOPICAL TERM | |
| Topical term or geographic name as entry element | Literature |
| General subdivision | Philippines |
| -- | Collections. |
| 650 ## - SUBJECT ADDED ENTRY--TOPICAL TERM | |
| Topical term or geographic name as entry element | Philippine poetry. |
| 650 ## - SUBJECT ADDED ENTRY--TOPICAL TERM | |
| Topical term or geographic name as entry element | Philippine drama. |
| 942 ## - ADDED ENTRY ELEMENTS (KOHA) | |
| Koha item type | Books |
| Source of classification or shelving scheme | Library of Congress Classification |
| Call number prefix | Local |
| Withdrawn status | Lost status | Source of classification or shelving scheme | Damaged status | Home library | Current library | Shelving location | Date acquired | Total Checkouts | Full call number | Barcode | Date last seen | Copy number | Price effective from | Koha item type |
|---|---|---|---|---|---|---|---|---|---|---|---|---|---|---|
| Library of Congress Classification | College Library | College Library | General Circulation Section | 04/06/2010 | HT 103 .Su948 2005 | C6119 | 05/15/2018 | 1 | 10/10/2013 | Books |